<?xml version="1.0" encoding="UTF-8"?>
<record
    xmlns:xsi="http://www.w3.org/2001/XMLSchema-instance"
    xsi:schemaLocation="http://www.loc.gov/MARC21/slim http://www.loc.gov/standards/marcxml/schema/MARC21slim.xsd"
    xmlns="http://www.loc.gov/MARC21/slim">

  <leader>02608nam a2200265   4500</leader>
  <controlfield tag="001">113844</controlfield>
  <controlfield tag="003">DR-UNIBE</controlfield>
  <controlfield tag="005">20250708133501.0</controlfield>
  <controlfield tag="008">250708b2016    dr ||||| |||| 00| 0 spa d</controlfield>
  <datafield tag="040" ind1=" " ind2=" ">
    <subfield code="a">BIBLIOTECA UNIBE</subfield>
    <subfield code="b">spa</subfield>
    <subfield code="c">BIBLIOTECA UNIBE</subfield>
    <subfield code="e">rda</subfield>
  </datafield>
  <datafield tag="041" ind1=" " ind2=" ">
    <subfield code="a">spa</subfield>
  </datafield>
  <datafield tag="082" ind1=" " ind2=" ">
    <subfield code="2">22</subfield>
    <subfield code="a">RD 371.26 R457o</subfield>
  </datafield>
  <datafield tag="100" ind1="1" ind2="0">
    <subfield code="a">Reyes Ram&#xED;rez, Betty </subfield>
    <subfield code="9">196752</subfield>
    <subfield code="e">autor</subfield>
  </datafield>
  <datafield tag="245" ind1="1" ind2="0">
    <subfield code="a">Orientaciones  para la evaluaci&#xF3;n formativa desde las estrategias curriculares de ense&#xF1;anza-aprendizaje /</subfield>
    <subfield code="c">Betty Reyes Ram&#xED;rez</subfield>
  </datafield>
  <datafield tag="260" ind1=" " ind2=" ">
    <subfield code="a"> Santo Domingo : </subfield>
    <subfield code="b">Ministerio de Educaci&#xF3;n, (MINERD), </subfield>
    <subfield code="c">2016</subfield>
  </datafield>
  <datafield tag="300" ind1=" " ind2=" ">
    <subfield code="a">114 p&#xE1;ginas :</subfield>
    <subfield code="b"> gr&#xE1;ficas, fotos ; </subfield>
    <subfield code="c">27 x 21 cm</subfield>
  </datafield>
  <datafield tag="490" ind1=" " ind2=" ">
    <subfield code="a">Evaluaci&#xF3;n de competencias en la educaci&#xF3;n primaria ;</subfield>
    <subfield code="v">3</subfield>
  </datafield>
  <datafield tag="505" ind1=" " ind2=" ">
    <subfield code="a">Introducci&#xF3;n |
Evaluaci&#xF3;n formativa de las competencias desde las estrategias de ense&#xF1;anza aprendizaje |
Las estrategias de ense&#xF1;anza aprendizaje en el curr&#xED;culo dominicano |
La Evaluaci&#xF3;n formativa de las competencias de las y los estudiantes |
Orientaciones para la evaluaci&#xF3;n desde las estrategias de ense&#xF1;anza aprendizaje |
Estrategias de recuperaci&#xF3;n de experiencias y saberes previos |
Casos pr&#xE1;cticos recuperaci&#xF3;n de experiencias previas |
Reflexionando la estrategia de recuperaci&#xF3;n de conocimientos y experiencias previas |
Estrategias expositivas de conocimientos elaborados y/o acumulados |
Estrategias de descubrimiento e indagaci&#xF3;n |
Casos pr&#xE1;cticos estrategias de descubrimiento e indagaci&#xF3;n |
Estrategias de inserci&#xF3;n de maestras, maestros y alumnado en el entorno |
Casos pr&#xE1;cticos estrategias de maestras, maestros y alumnado en el entorno  |
Reflexionando las estrategias de maestras, maestros y alumnado en el entorno |
Estrategias de socializaci&#xF3;n centradas en actividades grupales |
Casos pr&#xE1;cticos estrategias de  socializaci&#xF3;n centradas en actividades grupales |
Reflexionando  las estrategias de  socializaci&#xF3;n centradas en actividades grupales |
Estrategia de indagaci&#xF3;n dial&#xF3;gica o cuestionamiento |
Casos pr&#xE1;cticos de indagaci&#xF3;n dial&#xF3;gica o cuestionamiento |
Reflexionando la estrategia de indagaci&#xF3;n dial&#xF3;gica o cuestionamiento |
Aprendizaje basado en problemas |
Reflexionando la estrategia de Aprendizaje basado en problemas |
Aprendizaje basado en proyectos |
Referencias</subfield>
  </datafield>
  <datafield tag="650" ind1=" " ind2="7">
    <subfield code="2">lemb</subfield>
    <subfield code="a"> Evaluaci&#xF3;n de competencias</subfield>
    <subfield code="9">197118</subfield>
  </datafield>
  <datafield tag="650" ind1=" " ind2=" ">
    <subfield code="2">lemb</subfield>
    <subfield code="a">Estrategias curriculares</subfield>
    <subfield code="9">197119</subfield>
  </datafield>
  <datafield tag="650" ind1=" " ind2=" ">
    <subfield code="2">lemb</subfield>
    <subfield code="a">Educaci&#xF3;n primaria</subfield>
  </datafield>
  <datafield tag="700" ind1="1" ind2="0">
    <subfield code="a">Ceballos  D&#xED;az, Rita Ma.</subfield>
    <subfield code="9">196846</subfield>
    <subfield code="e">coordinador</subfield>
  </datafield>
  <datafield tag="700" ind1="1" ind2="0">
    <subfield code="a">Mont&#xE1;s D&#xB4;Oleo, Bertha Marcily</subfield>
    <subfield code="9">196779</subfield>
    <subfield code="e">dise&#xF1;ador</subfield>
    <subfield code="e">diagramador</subfield>
  </datafield>
  <datafield tag="942" ind1=" " ind2=" ">
    <subfield code="2">ddc</subfield>
    <subfield code="c">BK</subfield>
  </datafield>
  <datafield tag="999" ind1=" " ind2=" ">
    <subfield code="c">113844</subfield>
    <subfield code="d">113844</subfield>
  </datafield>
  <datafield tag="952" ind1=" " ind2=" ">
    <subfield code="0">0</subfield>
    <subfield code="1">0</subfield>
    <subfield code="2">ddc</subfield>
    <subfield code="7">0</subfield>
    <subfield code="8">GEN-RD</subfield>
    <subfield code="a">Principal</subfield>
    <subfield code="d">2025-06-10</subfield>
    <subfield code="l">0</subfield>
    <subfield code="o">RD 371.26 R457o</subfield>
    <subfield code="p">250718</subfield>
    <subfield code="r">2025-07-08 11:28:50</subfield>
    <subfield code="t">Ej. 1</subfield>
    <subfield code="w">2025-07-08</subfield>
    <subfield code="y">BK</subfield>
  </datafield>
  <datafield tag="952" ind1=" " ind2=" ">
    <subfield code="0">0</subfield>
    <subfield code="1">0</subfield>
    <subfield code="2">ddc</subfield>
    <subfield code="7">0</subfield>
    <subfield code="8">GEN-RD</subfield>
    <subfield code="a">Principal</subfield>
    <subfield code="d">2025-06-10</subfield>
    <subfield code="l">0</subfield>
    <subfield code="o">RD 371.26 R457o</subfield>
    <subfield code="p">250719</subfield>
    <subfield code="r">2025-07-08 11:28:50</subfield>
    <subfield code="t">Ej. 2</subfield>
    <subfield code="w">2025-07-08</subfield>
    <subfield code="y">BK</subfield>
  </datafield>
  <datafield tag="952" ind1=" " ind2=" ">
    <subfield code="0">0</subfield>
    <subfield code="1">0</subfield>
    <subfield code="2">ddc</subfield>
    <subfield code="7">0</subfield>
    <subfield code="8">GEN-RD</subfield>
    <subfield code="a">Principal</subfield>
    <subfield code="d">2025-07-08</subfield>
    <subfield code="l">0</subfield>
    <subfield code="o">RD 371.26 R457o</subfield>
    <subfield code="p">250720</subfield>
    <subfield code="r">2025-07-08 11:30:13</subfield>
    <subfield code="t">Ej. 3</subfield>
    <subfield code="w">2025-07-08</subfield>
    <subfield code="y">BK</subfield>
  </datafield>
</record>
